| 000 | 01340nam0a22002531 4500 | ||
|---|---|---|---|
| 001 | rc\4469265 | ||
| 005 | 20260407154050.0 | ||
| 021 |
_aRU _b[68-74584] |
||
| 035 | _a(NLR Aleph) 008595459 | ||
| 090 |
_a8670360 _c8670360 |
||
| 100 | _a20130416d1968 |||y0rusy50 ca | ||
| 101 | 0 | _arus | |
| 102 | _aRU | ||
| 105 | _ay z ||||| | ||
| 200 | 1 |
_aТезисы докладов Всесоюзного межведомственного совещания по изучению краевых образований материкового оледенения _fКомис. по изучению четвертичного периода АН СССР Геол. упр. центр. районов (Москва). Смоленский гос. пед. ин-т им. К. Маркса |
|
| 210 |
_aСмоленск _c[Моск. рабочий] _d1968 |
||
| 215 |
_a213 с. _d21 |
||
| 606 |
_aЛедниковые отложения СССР _jТезисы докладов _2psbo |
||
| 710 | 1 | 2 |
_aВсесоюзное межведомственное совещание по изучению краевых образований материкового оледенения _d3 _eСмоленск _f1968 _9691070 _3RU\NLR\AUTH\8810094957 |
| 801 | 0 |
_aRU _bNLR _gpsbo |
|
| 801 | 1 |
_aRU _bELAR _2rusmarc |
|
| 852 |
_aNLR _j68-3/5903 |
||
| 942 | _cBOOK | ||
| 980 | _aNB | ||